00453nam a2200181 a 4500001001300000003000900013005001700022008004100039020001000080082001400090100001700104245003600121260004400157300000900201500003500210505001000245650001600255nice12345678IN_TiNIC20260116011320.0050524s1910 lona grp 000 0 eng  ac10000a239bPFA1 aPfander, C G aMizanul Haqqb Balance of Truth aLondonbChurch Missionary Societyc1910 a304p aincludes index and biblioraphy2 aIndex aApologetics